003050000a22001210004500060000800000082001500008100001800023245002500041260005200066260000900118300000800127650004800135 a100 a581.02 BEN aBenson, Lyman aPlant classification aNew Delhi, Oxford & IBH publishing co. pvt. ltd c1957 a688 aGymnosperms/ Pteridophytes/ Flowering plant